000 00480cam a22001934a 4500
005 20250605164333.0
008 250528s ||||||||||||||||||||||||d
035 _a23316
020 _a9781583918302
040 _aGR-AtMCL
_bgre
_dGR-AtMCL
_eAACR2
245 1 _aThe Handbook of Child and Adolescent Clinical Psychology
250 _a2nd
260 _bRouledge,
_c2011
300 _a1190
700 1 _aAlan Carr
_98899
942 _cBK
999 _c8342
_d8342